• 首页
  • 本馆介绍
  • 公告通知
  • 最新文献
  • 馆藏检索
  • 电子资源
  • 读者导购
  • 参考咨询
  • 我的图书馆
  • 登录
  • 详细信息显示
  • 放入我的书架
  • 预约/预借图书
  • 作者相关作品
  • 分类相关作品
  • 丛书相关作品
  • 出版社相关作品

书目信息

  • 表格格式
  • 工作单格式
  • 卡片格式
题名:
当代中国的公共服务社会化研究
    
 
作者: 韩东 著
分册:  
出版信息: 北京   中国水利水电出版社  2011
页数: 136页
开本: 26cm
丛书名:
单 册:
中图分类: S274.3
科图分类:
主题词: 灌溉管理--体制改革--研究--中国 , 灌溉管理 , 体制改革
电子资源:
ISBN: 978-7-5084-8938-4
000 01187nam0 22002651 450
001 524
005 20140910085229.29
010    @a978-7-5084-8938-4@dCNY38.00
100    @a20111103d2011 em y0chiy50 ea
101 0  @achi
102    @aCN@b110000
105    @ay z 000yy
106    @ar
200 1  @a当代中国的公共服务社会化研究@ADang Dai Zhong Guo De Gong Gong Fu Wu She Hui Hua Yan Jiu@e以参与式灌溉管理改革为例@EYi Can Yu Shi Guan Gai Guan Li Gai Ge Wei Li@f韩东著@FHan Dong Zhu
210    @a北京@c中国水利水电出版社@d2011
215    @a136页@d26cm
330    @a本书以马克思主义的国家理论为依据,论证了公共服务社会化与社会主义政治发展之间的契合性,同时以参与式灌溉管理改革为例,具体考察当代中国的公共服务社会化实践。作为公共服务社会化在农业灌溉领域的具体实践——参与式灌溉管理改革获得成功的关键就在于保障面向用水户的权力转移,而这也正是我国相关实践的缺陷所在。
517 1  @a以参与式灌溉管理改革为例@AYi Can Yu Shi Guan Gai Guan Li Gai Ge Wei Li
606 0  @a灌溉管理@x体制改革@x研究@y中国
606 0  @a灌溉管理
606 0  @a体制改革
690    @aS274.3@v5
701  0 @a韩东@AHan Dong@g(社会学)@4著
801  0 @aCN@bTANGWEI@c20140603
905    @b0836247-49@dS274.3@e46@f3
    
    当代中国的公共服务社会化研究:以参与式灌溉管理改革为例/韩东著.-北京:中国水利水电出版社,2011
    136页;26cm
    
    
    ISBN 978-7-5084-8938-4:CNY38.00
    本书以马克思主义的国家理论为依据,论证了公共服务社会化与社会主义政治发展之间的契合性,同时以参与式灌溉管理改革为例,具体考察当代中国的公共服务社会化实践。作为公共服务社会化在农业灌溉领域的具体实践——参与式灌溉管理改革获得成功的关键就在于保障面向用水户的权力转移,而这也正是我国相关实践的缺陷所在。
●
相关链接 在E读中查询图书 在五车中查询图书 在当当中查询图书 在豆瓣中查询图书


正题名:当代中国的公共服务社会化研究     索取号:S274.3/46         预约/预借

序号 登录号 条形码 馆藏地/架位号 状态 备注
1 0836247   208362476   第二样本阅览室/ [索取号:S274.3/46] 在馆    
2 0836248   208362485   第三借阅区/ [索取号:S274.3/46] 在馆    
3 0836249   208362494   第三借阅区/ [索取号:S274.3/46] 在馆    
唐山师范学院图书馆 欢迎您!
大连网信软件有限公司© 版权所有